| 000 | 00422nam a22001457a 4500 | ||
|---|---|---|---|
| 020 | _a0471636320 | ||
| 040 | _cNust | ||
| 082 |
_a513.93 _bMIZ'F |
||
| 100 |
_aMizrahi. Sullivan _9126516 |
||
| 245 |
_aFinite Mathematics _bWith applications for business and social sciences |
||
| 250 | _a5th Edition | ||
| 260 |
_aNew York: _bJohn Willey and sons Inc, _c1973. |
||
| 650 |
_aFinite Mathematics _933075 |
||
| 942 |
_2ddc _cBK |
||
| 999 |
_c612183 _d612183 |
||